| 000 | 00735nam a2200241Ia 4500 | ||
|---|---|---|---|
| 003 | OSt | ||
| 005 | 20220923220408.0 | ||
| 006 | a|||||r|||| 00| 0 | ||
| 007 | ta | ||
| 008 | 220922b |||||||| |||| 00| 0 hin d | ||
| 024 | _a186,344 | ||
| 037 | _cTextual | ||
| 040 |
_aARTS _cARTS _bhin |
||
| 041 |
_2hin _ahin |
||
| 082 | _aY:1.2, 152J7-;2 | ||
| 100 | _aसेन, क्षिति मोहन | ||
| 245 | 0 | _aसंस्कृति संगम | |
| 246 | _aSanskṛuti sangama | ||
| 260 |
_aइलाहाबाद _b साहित्य भवन _c1957 |
||
| 300 |
_a180 पृ. _ccm. |
||
| 942 |
_hY:1.2, 152J7-;2 _cTEXL _2CC |
||
| 999 |
_c339588 _d339588 |
||